ბათუმის შოთა რუსთაველის სახელმწიფო უნივერსიტეტის ბიბლიოთეკა

დანაშაულის პრევენცია : (ბიბ.ჩანაწერი № 54455)

000 -ლიდერი
ფიქსირებული სიგრძის საკონტროლო ველი 01565nam a2200301Ia 4500
001 - საკონტროლო ნომერი
საკონტროლო ველი 21517
003 - საკონტროლო ნომრის იდენტიფიკატორი
საკონტროლო ველი GE_BSU
005 - ბოლო ოპერაციის თარიღი და დრო
საკონტროლო ველი 20211125172114.0
008 - ფიქსირებული სიგრძის მონაცემთა ელემენტები - ზოგადი ინფორმაცია
ფიქსირებული სიგრძის საკონტროლო ველი 181216s2017||||ge |||||||||||||| ||geo||
020 ## - წიგნის საერთაშორისო სტანდარტული ნომერი
International Standard Book Number 9789941098567
040 ## - კატალოგიზაციის წყარო
Transcribing agency GE_BSU
041 ## - ენის კოდი
Language code of text/sound track or separate title geo
080 ## - უნივერსალური ათობითი კლასიფიკაციის ინდექსი
Universal Decimal Classification number 343.9 ნ-31
245 ## - ცნობა სათაურის შესახებ
Title დანაშაულის პრევენცია :
Remainder of title (საპოლიციო კონტროლის რისკები) /
Statement of responsibility, etc კვლევის ავტ. : ა. ნასრაშვილი, გ. იმნაძე, მ. მხატვარი ; რედ. ნ. კალატოზიშვილი.
264 ## - წარმოების, გამოცემის, დისტრიბუციის და სხვა ცნობები
გამოცემის, წარმოების, დისტრიბუციის... ადგილი თბილისი :
გამოცემის, წარმოების, დისტრიბუციის... სახელწოდება [?],
გამოცემის, წარმოების, დისტრიბუციის... თარიღი 2017.
300 ## - ფიზიკური აღწერა
Extent 77, 65 გვ. ;
Dimensions 24 სმ.
500 ## - ზოგადი შენიშვნა
General note წაღმა-უკუღმა წიგნი
520 ## - SUMMARY, ETC.
Summary, etc წაღმა-უკუღმა წიგნი.
653 ## - INDEX TERM--UNCONTROLLED
Uncontrolled term დანაშაულის პრევენცია
653 ## - INDEX TERM--UNCONTROLLED
Uncontrolled term საპოლიციო კონტროლის რისკები
700 ## - ADDED ENTRY--PERSONAL NAME
Personal name ნასრაშვილი, ა.
Relator term ავტორი
9 (RLIN) 13066
700 ## - ADDED ENTRY--PERSONAL NAME
Personal name იმნაძე, გ.
Relator term ავტორი
9 (RLIN) 3000
700 ## - ADDED ENTRY--PERSONAL NAME
Personal name მხატვარი, მ.
Relator term ავტორი
9 (RLIN) 13067
700 ## - ADDED ENTRY--PERSONAL NAME
Personal name კალატოზიშვილი, ნ.
Relator term რედაქტორი
9 (RLIN) 13068
710 ## - ADDED ENTRY--CORPORATE NAME
Corporate name or jurisdiction name as entry element ადამიანის უფლებების სწავლებისა და მონიტორინგის ცენტრი
9 (RLIN) 13055
942 ## - ADDED ENTRY ELEMENTS (KOHA)
Koha item type წიგნი
Source of classification or shelving scheme
ეგზემპლარები
ჩამოწერის სტატუსი დაკარგული ეგზემპლარის სტატუსი კლასიფიკაციის წყარო ან თაროზე გაწყობის სქემა დაზიანების სტატუსი არ გაიცემა მუდმივი მდებარეობა (დაცვის ადგილი) ამჟამინდელი ადგილსამყოფელი თაროზე განთავსების ადგილი შეძენის თარიღი ღირებულება, შესყიდვის ნორმალური ფასი სრული შენახვის შიფრი შტრიხკოდი ბოლო ოპერაციის თარიღი ეგზემპლარის მიმდევრობითი ნომერი (კეტერი?) ფასის ძალაში შესვლის თარიღი ეგზემპლარის სახეობა საჯარო შენიშვნა
          ბათუმის შოთა რუსთაველის სახელმწიფო უნივერსიტეტის მთავარი ბიბლიოთეკა ბათუმის შოთა რუსთაველის სახელმწიფო უნივერსიტეტის მთავარი ბიბლიოთეკა წიგნსაცავი 2018-12-17 5.00 343.9 ნ-31 55481 2018-12-17 55481 2018-12-17 წიგნი 5.00 ₾.
          ბათუმის შოთა რუსთაველის სახელმწიფო უნივერსიტეტის მთავარი ბიბლიოთეკა ბათუმის შოთა რუსთაველის სახელმწიფო უნივერსიტეტის მთავარი ბიბლიოთეკა წიგნსაცავი 2018-12-17 5.00 343.9 ნ-31 55482 2018-12-17 55482 2018-12-17 წიგნი 5.00 ₾.